00883nam a2200145Ia 4500008004100000020001800041100009400059245013200153260002700285650001200312650026000324856005200584999001900636952008200655171212s9999 xx 000 0 und d a9780833068477 aLarrabee, F. Stephen;Johnson, Stuart E.;Gordon IV, John;Wilson, Peter A.;Baxter, Caroline cLarrabee, F. Stephen;Johnson, Stuart E.;Gordon IV, John;Wilson, Peter A.;Baxter, CarolineaNATO and the Challenges of Austerity bRAND Corporationc2012 aHistory aNorth Atlantic Treaty Organization -- Armed Forces -- Operational readiness; North Atlantic Treaty Organization -- Armed Forces -- Appropriations and expenditures; Europe -- Military policy; North America -- Military policy; Europe -- Armed Forces -- Appr uhttp://www.jstor.org/stable/10.7249/j.ctt1q60nw c352353d352353 001040aCLbCLd2017-12-12l0oUA646.3r2017-12-12 00:00:00w2017-12-12yCBE